Ley electoral: decreto n° 1413
Furkejuvvon:
| Searvvušdahkki: | |
|---|---|
| Materiálatiipa: | Texto |
| Almmustuhtton: |
Managua :
|
| Fáddágilkorat: |
Lasit fáddágilkoriid
Eai fáddágilkorat, Lasit vuosttaš fáddágilkora!
|
MARC
| LEADER | 00000 a a2200000 04500 | ||
|---|---|---|---|
| 001 | 14138 | ||
| 003 | |||
| 040 | |||
| 090 | |a 014600 | ||
| 110 | |a Nicaragua. Junta de Gobierno de Reconstrucción Nacional | ||
| 245 | |a Ley electoral: decreto n° 1413 | ||
| 260 | |a Managua : | ||
| 300 | |a pp. 497-51 | ||
| 999 | |c 15854 |d 15854 | ||
